000 00874nam a22002177a 4500
005 20250415101650.0
008 250415b |||||||| |||| 00| 0 eng d
020 _a978-93-92998-49-2 (hbk)
037 _cTB
040 _aCRL
_cCRL
041 _2hin
_ahin
084 _aNW440aY5927 152R4
_qCRL
100 _aरमा
245 _aहिन्दी सिनेयात्रा सिनेमा और दलित
260 _aदिल्ली, भारत:
_bनयी किताब प्रकाशन,
_c2024.
300 _a104पृ0
365 _b300.00
_cINR
650 _aभारतीय सिनेमा
942 _2CC
_cTB
_hNW440aY5927 152R4
_n0
999 _c1308975
_d1308975